LEADER 00775nam a2200205 i 4500 001 991004269227907536 005 20230330163025.0 008 200128s1952 it e 000 0 ita c 040 $aBibl. Dip.le Aggr. Scienze Economia - Sez. Settore Economico 082 0 $a344.4501761381 100 1 $aBosisio, Oliviero$068410 245 00$aAgenti e rappresentanti di commercio :$bguida legale, amministrativa e fiscale per le ditte e gli ausiliari del commercio /$cOliviero Bosisio. 250 $a3. ed. 260 $aMilano :$bPirola,$c1952 300 $a160 p.$c24 cm 650 7$aAgenti di commercio$xGuide pratiche 650 7$aRappresentanti di commercio$xGuide pratiche 912 $a991004269227907536 996 $aAgenti e rappresentanti di commercio$9584877 997 $aUNISALENTO LEADER 01703oam 2200409zu 450 001 9910872750003321 005 20241212214850.0 035 $a(CKB)111026746714954 035 $a(SSID)ssj0000558362 035 $a(PQKBManifestationID)12157903 035 $a(PQKBTitleCode)TC0000558362 035 $a(PQKBWorkID)10559181 035 $a(PQKB)11128330 035 $a(NjHacI)99111026746714954 035 $a(EXLCZ)99111026746714954 100 $a20160829d1996 uy 101 0 $aeng 135 $aur||||||||||| 181 $ctxt 182 $cc 183 $acr 200 10$a1996 2nd High Frequency Postgraduate Student Colloquium 210 31$a[Place of publication not identified]$cIEEE$d1996 215 $a1 online resource (500 pages) 300 $aBibliographic Level Mode of Issuance: Monograph 311 08$a9780780331518 311 08$a0780331516 330 $aThis paper presents a design method for dielectric waveguide phase shifters. Phase shifting is achieved by varying the distance between a dielectric waveguide and an arbitrary piece of dielectric. Experimental results are given and are shown to be in good comparison with the theory. It is shown that phase shifters with very low loss can be realised if the dielectric is small in comparison to the waveguide. Furthermore, the losses are less than existing metallic wall phase shifters. 606 $aDoppler radar 615 0$aDoppler radar. 676 $a621.38485 712 02$aIEEE, Institute of Electrical and Electronics Engineers, Inc. Staff 801 0$bPQKB 906 $aBOOK 912 $a9910872750003321 996 $a1996 2nd High Frequency Postgraduate Student Colloquium$92508651 997 $aUNINA